{"text_format":"3","workbook":"xlsx","n_sheets":1,"sheets":["t210"],"read":"whole","date_system":"1900"}

{"sheet":"t210","index":0,"n_rows":178,"n_cols":7,"rows_kept":178,"merged":[[0,0,0,6],[28,0,28,5],[40,0,40,5],[147,0,147,5]]}
["TABELA 210.1 - Estatísticas Agrícolas, Município de Guariba, Estado de São Paulo, 2016/17."]
["ITEM","UNIDADE","N.DE UPAs","MÍNIMO","MÉDIO","MÁXIMO","TOTAL"]
["Distância à sede do município","km",171,0.5,{"v":8.22,"d":"8.2"},{"v":45,"d":"45.0"},"-"]
["Área total","hectare",171,0.3,{"v":136.08,"d":"136.1"},{"v":1197.2,"d":"1,197.2"},{"v":23269.8,"d":"23,269.8"}]
["Área com cultura perene","hectare",4,0.3,{"v":0.58,"d":"0.6"},1.2,2.3]
["Área com cultura temporária","hectare",162,0.3,{"v":121.63,"d":"121.6"},{"v":994,"d":"994.0"},{"v":19704.8,"d":"19,704.8"}]
["Área com pastagem","hectare",24,0.1,{"v":8.93,"d":"8.9"},{"v":44,"d":"44.0"},214.4]
["Área com reflorestamento","hectare",8,0.7,{"v":27.06,"d":"27.1"},144.1,216.5]
["Área com vegetação natural","hectare",44,0.2,{"v":17.56,"d":"17.6"},134.2,772.8]
["Área com vegetação de brejo e várzea","hectare",44,0.4,{"v":19.91,"d":"19.9"},{"v":212,"d":"212.0"},{"v":876,"d":"876.0"}]
["Área em descanso","hectare",5,5.7,{"v":21.32,"d":"21.3"},37.3,106.6]
["Área complementar","hectare",157,0.1,{"v":8.77,"d":"8.8"},149.2,{"v":1376.4,"d":"1,376.4"}]
["Área das UPAs com (0, 1] ha","hectare",6,0.3,{"v":0.68,"d":"0.7"},{"v":1,"d":"1.0"},4.1]
["Área das UPAs com (1, 2] ha","hectare",1,1.4,1.4,1.4,1.4]
["Área das UPAs com (2, 5] ha","hectare",13,3.4,{"v":4.42,"d":"4.4"},{"v":5,"d":"5.0"},57.4]
["Área das UPAs com (5, 10] ha","hectare",10,{"v":6,"d":"6.0"},{"v":8.25,"d":"8.3"},9.6,82.5]
["Área das UPAs com (10, 20] ha","hectare",17,10.4,{"v":14.88,"d":"14.9"},18.4,{"v":253,"d":"253.0"}]
["Área das UPAs com (20, 50] ha","hectare",42,21.2,{"v":32.92,"d":"32.9"},49.5,{"v":1382.7,"d":"1,382.7"}]
["Área das UPAs com (50, 100] ha","hectare",34,50.8,{"v":77.77,"d":"77.8"},{"v":98,"d":"98.0"},{"v":2644.2,"d":"2,644.2"}]
["Área das UPAs com (100, 200] ha","hectare",18,100.7,{"v":150.09,"d":"150.1"},198.3,{"v":2701.7,"d":"2,701.7"}]
["Área das UPAs com (200, 500] ha","hectare",15,202.2,{"v":337.84,"d":"337.8"},494.3,{"v":5067.6,"d":"5,067.6"}]
["Área das UPAs com (500, 1.000] ha","hectare",13,516.7,{"v":681.54,"d":"681.5"},917.6,{"v":8860,"d":"8,860.0"}]
["Área das UPAs com (1.000, 2.000] ha","hectare",2,{"v":1018,"d":"1,018.0"},{"v":1107.6,"d":"1,107.6"},{"v":1197.2,"d":"1,197.2"},{"v":2215.2,"d":"2,215.2"}]
["Área das UPAs com (2.000, 5.000] ha","hectare","-","-","-","-","-"]
["Área das UPAs com (5.000, 10.000] ha","hectare","-","-","-","-","-"]
["Área das UPAs acima de 10.000 ha","hectare","-","-","-","-","-"]
["Fonte: Secretaria de Agricultura e Abastecimento, CDRS/IEA, Projeto LUPA."]
[]
["TABELA 210.2 - Explorações Animais, Município de Guariba, Estado de São Paulo, 2016/17."]
["ITEM","UNIDADE","N.DE UPAs","MÍNIMO","MÉDIO","MÁXIMO","TOTAL"]
["Avicultura para ovos","cabecas",1,{"v":150,"d":"150.0"},{"v":150,"d":"150.0"},{"v":150,"d":"150.0"},{"v":150,"d":"150.0"}]
["Bovinocultura de corte","cabecas",1,{"v":20,"d":"20.0"},{"v":20,"d":"20.0"},{"v":20,"d":"20.0"},{"v":20,"d":"20.0"}]
["Bovinocultura leiteira","cabecas",6,{"v":2,"d":"2.0"},{"v":28.17,"d":"28.2"},{"v":120,"d":"120.0"},{"v":169,"d":"169.0"}]
["Bovinocultura mista","cabecas",6,{"v":4,"d":"4.0"},{"v":27,"d":"27.0"},{"v":104,"d":"104.0"},{"v":162,"d":"162.0"}]
["Caprinocultura","cabecas",1,{"v":50,"d":"50.0"},{"v":50,"d":"50.0"},{"v":50,"d":"50.0"},{"v":50,"d":"50.0"}]
["Equinocultura","cabecas",2,{"v":3,"d":"3.0"},21.5,{"v":40,"d":"40.0"},{"v":43,"d":"43.0"}]
["Ovinocultura","cabecas",1,{"v":10,"d":"10.0"},{"v":10,"d":"10.0"},{"v":10,"d":"10.0"},{"v":10,"d":"10.0"}]
["Suinocultura","cabecas",8,{"v":1,"d":"1.0"},{"v":345.13,"d":"345.1"},{"v":2100,"d":"2,100.0"},{"v":2761,"d":"2,761.0"}]
["Fonte: Secretaria de Agricultura e Abastecimento, CDRS/IEA, Projeto LUPA."]
[]
["TABELA 210.3 -  Máquinas, Implementos e Benfeitorias, Município de Guariba, Estado de São Paulo, 2016/17."]
["ITEM","UNIDADE","N.DE UPAs","MÍNIMO","MÉDIO","MÁXIMO","TOTAL"]
["Arado comum (bacia, aiveca)","unidade",9,{"v":1,"d":"1.0"},{"v":1.33,"d":"1.3"},{"v":4,"d":"4.0"},{"v":12,"d":"12.0"}]
["Arado escarificador","unidade",3,{"v":1,"d":"1.0"},{"v":1,"d":"1.0"},{"v":1,"d":"1.0"},{"v":3,"d":"3.0"}]
["Arado subsolador","unidade",9,{"v":1,"d":"1.0"},{"v":1.44,"d":"1.4"},{"v":3,"d":"3.0"},{"v":13,"d":"13.0"}]
["Carregadeira de cana","unidade",7,{"v":1,"d":"1.0"},{"v":8.43,"d":"8.4"},{"v":50,"d":"50.0"},{"v":59,"d":"59.0"}]
["Colhedeira acoplada","unidade",2,{"v":1,"d":"1.0"},1.5,{"v":2,"d":"2.0"},{"v":3,"d":"3.0"}]
["Colhedeira automotriz","unidade",6,{"v":1,"d":"1.0"},{"v":6.17,"d":"6.2"},{"v":30,"d":"30.0"},{"v":37,"d":"37.0"}]
["Conj.irrigacao autopropelido","unidade",1,{"v":1,"d":"1.0"},{"v":1,"d":"1.0"},{"v":1,"d":"1.0"},{"v":1,"d":"1.0"}]
["Conj.irrigacao convencional","unidade",1,{"v":1,"d":"1.0"},{"v":1,"d":"1.0"},{"v":1,"d":"1.0"},{"v":1,"d":"1.0"}]
["Conj.irrigacao/gotejamento/microaspersao","unidade",1,{"v":1,"d":"1.0"},{"v":1,"d":"1.0"},{"v":1,"d":"1.0"},{"v":1,"d":"1.0"}]
["Desintegrador de palha (plantio direto)","unidade",1,{"v":1,"d":"1.0"},{"v":1,"d":"1.0"},{"v":1,"d":"1.0"},{"v":1,"d":"1.0"}]
["Desintegrador, picador, triturador","unidade",9,{"v":1,"d":"1.0"},{"v":1.89,"d":"1.9"},{"v":4,"d":"4.0"},{"v":17,"d":"17.0"}]
["Distribuidor de calcario","unidade",8,{"v":1,"d":"1.0"},{"v":1.25,"d":"1.3"},{"v":3,"d":"3.0"},{"v":10,"d":"10.0"}]
["Ensiladeira","unidade",3,{"v":1,"d":"1.0"},{"v":1.33,"d":"1.3"},{"v":2,"d":"2.0"},{"v":4,"d":"4.0"}]
["Grade aradora (tipo romi)","unidade",8,{"v":1,"d":"1.0"},1.5,{"v":3,"d":"3.0"},{"v":12,"d":"12.0"}]
["Grade niveladora","unidade",13,{"v":1,"d":"1.0"},{"v":1.85,"d":"1.9"},{"v":4,"d":"4.0"},{"v":24,"d":"24.0"}]
["Implementos para tracao animal","unidade",1,{"v":2,"d":"2.0"},{"v":2,"d":"2.0"},{"v":2,"d":"2.0"},{"v":2,"d":"2.0"}]
["Misturador de racao","unidade",3,{"v":1,"d":"1.0"},{"v":1,"d":"1.0"},{"v":1,"d":"1.0"},{"v":3,"d":"3.0"}]
["Mmicrotrator","unidade",1,{"v":1,"d":"1.0"},{"v":1,"d":"1.0"},{"v":1,"d":"1.0"},{"v":1,"d":"1.0"}]
["Ordenhadeira mecanica","unidade",3,{"v":1,"d":"1.0"},{"v":1.33,"d":"1.3"},{"v":2,"d":"2.0"},{"v":4,"d":"4.0"}]
["Pulverizador tratorizado","unidade",8,{"v":1,"d":"1.0"},{"v":1.88,"d":"1.9"},{"v":3,"d":"3.0"},{"v":15,"d":"15.0"}]
["Resfriador de leite, tanque expansao","unidade",2,{"v":1,"d":"1.0"},{"v":1,"d":"1.0"},{"v":1,"d":"1.0"},{"v":2,"d":"2.0"}]
["Semeadeira/adubadeira para plantio convencional","unidade",5,{"v":1,"d":"1.0"},1.4,{"v":2,"d":"2.0"},{"v":7,"d":"7.0"}]
["Semeadeira/plantadeira plantio direto","unidade",4,{"v":1,"d":"1.0"},{"v":2,"d":"2.0"},{"v":5,"d":"5.0"},{"v":8,"d":"8.0"}]
["Terraceador","unidade",1,{"v":1,"d":"1.0"},{"v":1,"d":"1.0"},{"v":1,"d":"1.0"},{"v":1,"d":"1.0"}]
["Trator de esteiras","unidade",2,{"v":1,"d":"1.0"},{"v":8,"d":"8.0"},{"v":15,"d":"15.0"},{"v":16,"d":"16.0"}]
["Trator de pneus  acima de 85 cv","unidade",18,{"v":1,"d":"1.0"},{"v":14.28,"d":"14.3"},{"v":185,"d":"185.0"},{"v":257,"d":"257.0"}]
["Trator de pneus de 66 cv a 85 cv","unidade",3,{"v":1,"d":"1.0"},{"v":1,"d":"1.0"},{"v":1,"d":"1.0"},{"v":3,"d":"3.0"}]
["Acude/represa","unidade",11,{"v":1,"d":"1.0"},{"v":1.09,"d":"1.1"},{"v":2,"d":"2.0"},{"v":12,"d":"12.0"}]
["Alambique","unidade",1,{"v":1,"d":"1.0"},{"v":1,"d":"1.0"},{"v":1,"d":"1.0"},{"v":1,"d":"1.0"}]
["Almoxarifado/oficina","unidade",4,{"v":1,"d":"1.0"},{"v":2.25,"d":"2.3"},{"v":6,"d":"6.0"},{"v":9,"d":"9.0"}]
["Armazem para graos ensacados","sacas",2]
["Balanca para bovinos","unidade",1,{"v":1,"d":"1.0"},{"v":1,"d":"1.0"},{"v":1,"d":"1.0"},{"v":1,"d":"1.0"}]
["Balanca para veiculos","unidade",2,{"v":1,"d":"1.0"},{"v":1,"d":"1.0"},{"v":1,"d":"1.0"},{"v":2,"d":"2.0"}]
["Barracao para granja/avicultura","unidade",3,{"v":1,"d":"1.0"},{"v":1,"d":"1.0"},{"v":1,"d":"1.0"},{"v":3,"d":"3.0"}]
["Barracao/galpao/garagem","unidade",33,{"v":1,"d":"1.0"},{"v":1.82,"d":"1.8"},{"v":8,"d":"8.0"},{"v":60,"d":"60.0"}]
["Casa de moradia habitada","unidade",42,{"v":1,"d":"1.0"},{"v":6.38,"d":"6.4"},{"v":117,"d":"117.0"},{"v":268,"d":"268.0"}]
["Casa de moradia total","unidade",46,{"v":1,"d":"1.0"},{"v":6.61,"d":"6.6"},{"v":123,"d":"123.0"},{"v":304,"d":"304.0"}]
["Curral/mangueira","unidade",15,{"v":1,"d":"1.0"},{"v":1.27,"d":"1.3"},{"v":3,"d":"3.0"},{"v":19,"d":"19.0"}]
["Deposito/tulha","unidade",13,{"v":1,"d":"1.0"},{"v":1.31,"d":"1.3"},{"v":3,"d":"3.0"},{"v":17,"d":"17.0"}]
["Estabulo","unidade",5,{"v":1,"d":"1.0"},1.2,{"v":2,"d":"2.0"},{"v":6,"d":"6.0"}]
["Estacao/posto meteorologico","unidade",1,{"v":1,"d":"1.0"},{"v":1,"d":"1.0"},{"v":1,"d":"1.0"},{"v":1,"d":"1.0"}]
["Estufa/plasticultura","m2",1]
["Fabrica de racao","unidade",3,{"v":1,"d":"1.0"},{"v":1,"d":"1.0"},{"v":1,"d":"1.0"},{"v":3,"d":"3.0"}]
["Instalacoes para equinos","unidade",2,{"v":1,"d":"1.0"},1.5,{"v":2,"d":"2.0"},{"v":3,"d":"3.0"}]
["Pocilga","unidade",8,{"v":1,"d":"1.0"},{"v":1.38,"d":"1.4"},{"v":3,"d":"3.0"},{"v":11,"d":"11.0"}]
["Poco semi-artesiano","unidade",6,{"v":1,"d":"1.0"},{"v":1.17,"d":"1.2"},{"v":2,"d":"2.0"},{"v":7,"d":"7.0"}]
["Secador de graos","unidade",2,{"v":1,"d":"1.0"},{"v":1,"d":"1.0"},{"v":1,"d":"1.0"},{"v":2,"d":"2.0"}]
["Silo para graos","ton",1]
["Silo para silagem","ton",2]
["Terreiro","m2",4]
["Usina de acucar/destilaria","unidade",1,{"v":1,"d":"1.0"},{"v":1,"d":"1.0"},{"v":1,"d":"1.0"},{"v":1,"d":"1.0"}]
["Fonte: Secretaria de Agricultura e Abastecimento, CDRS/IEA, Projeto LUPA."]
[]
["TABELA 210.4 - Outras Estatísticas Agrícolas, Município de Guariba, Estado de São Paulo, 2016/17."]
["ITEM","Número de UPAs",null,"Percentual"]
["Faz Parte de Associação de Produtores",122,null,{"v":71.34502923976608,"d":"71.3"}]
["Faz Parte de Cooperativa de Produtores",133,null,{"v":77.77777777777779,"d":"77.8"}]
["Faz Parte do Sindicato de Produtores",108,null,{"v":63.15789473684211,"d":"63.2"}]
["Não utiliza assistência técnica ",35,null,{"v":20.46783625730994,"d":"20.5"}]
["Utiliza somente assistência técnica governamental ",4,null,{"v":2.3391812865497075,"d":"2.3"}]
["Utiliza somente assistência técnica privada ",121,null,{"v":70.76023391812865,"d":"70.8"}]
["Utiliza assistência técnica tanto governamental quanto privada",11,null,{"v":6.432748538011695,"d":"6.4"}]
["Utiliza Crédito Rural",40,null,{"v":23.391812865497073,"d":"23.4"}]
["Utiliza Seguro Rural",25,null,{"v":14.619883040935672,"d":"14.6"}]
["Utiliza Escrituração Agrícola",96,null,{"v":56.140350877192986,"d":"56.1"}]
["Acessa Internet p/ Fins na Agropecuária",64,null,{"v":37.42690058479532,"d":"37.4"}]
["Utiliza Computador nas Atividades Agropecuárias",68,null,{"v":39.76608187134502,"d":"39.8"}]
["Utiliza Energia Elétrica Para Uso na Atividade Agrícola",71,null,{"v":41.52046783625731,"d":"41.5"}]
["Utiliza Energia Alternativa","-",null,"-"]
["Realiza Análise de Solo, quando necessário",103,null,{"v":60.23391812865498,"d":"60.2"}]
["Realiza Calagem",5,null,{"v":2.9239766081871346,"d":"2.9"}]
["Utiliza Práticas de Conservação de Solo, quando necessário",144,null,{"v":84.21052631578947,"d":"84.2"}]
["Faz Adubação Mineral, quando necessário",143,null,{"v":83.62573099415205,"d":"83.6"}]
["Faz Adubação Orgânica, quando necessário",46,null,{"v":26.900584795321638,"d":"26.9"}]
["Faz Adubação Verde, quando necessário",13,null,{"v":7.60233918128655,"d":"7.6"}]
["Utiliza Manejo Integrado de Pragas (MIP)",3,null,{"v":1.7543859649122806,"d":"1.8"}]
["Utiliza Hidroponia","-",null,"-"]
["Utiliza Cultivo em Estufa","-",null,"-"]
["Utiliza Mudas Fiscalizadas",55,null,{"v":32.16374269005848,"d":"32.2"}]
["Utiliza Semente Melhorada",30,null,{"v":17.543859649122805,"d":"17.5"}]
["Faz Confinamento de Bovinos",4,null,{"v":2.3391812865497075,"d":"2.3"}]
["Utiliza Pastejo Intensivo",1,null,{"v":0.5847953216374269,"d":"0.6"}]
["Faz Inseminação Artificial","-",null,"-"]
["Faz Mineralização do Rebanho",5,null,{"v":2.9239766081871346,"d":"2.9"}]
["Faz Vermifugação do Rebanho",5,null,{"v":2.9239766081871346,"d":"2.9"}]
["Possui Parceiros /Arrendatários na Exploração Animal",20,null,{"v":11.695906432748536,"d":"11.7"}]
["Existência de trabalhadores c/ deficiência na UPA","-",null,"-"]
["Esporte e lazer","-",null,"-"]
["Extração mineral","-",null,"-"]
["Hotel Fazenda, Pousada ou SPA","-",null,"-"]
["Pesque-pague","-",null,"-"]
["Restaurante ou Lanchonete","-",null,"-"]
["Transformação artesanal","-",null,"-"]
["Turismo rural ou ecoturismo","-",null,"-"]
["Outras atividades econômicas rurais","-",null,"-"]
["Agroindústria",1,null,{"v":0.5847953216374269,"d":"0.6"}]
["Proprietário sem instrução ou com instrução incompleta",1,null,{"v":0.5847953216374269,"d":"0.6"}]
["Proprietário com antigo primário completo",33,null,{"v":19.298245614035086,"d":"19.3"}]
["Proprietário com 1° grau (ou antigo ginasial) completo",9,null,{"v":5.2631578947368425,"d":"5.3"}]
["Proprietário com 2° grau (ou antigo colegial) completo",21,null,{"v":12.280701754385966,"d":"12.3"}]
["Proprietário com curso superior completo ",58,null,{"v":33.91812865497076,"d":"33.9"}]
["Pessoa Jurídica",49,null,{"v":28.654970760233915,"d":"28.7"}]
["Proprietário residente na própria UPA ",13,null,{"v":7.60233918128655,"d":"7.6"}]
["Fonte: Secretaria de Agricultura e Abastecimento, CDRS/IEA, Projeto LUPA."]
[]
["TABELA 210.5 - Área Cultivada, Município de Guariba, Estado de São Paulo, 2016/17."]
["CULTURA","N.DE UPAs","MÍNIMO","MÉDIO","MÁXIMO","TOTAL"]
["Cana-de-acucar finalidade industria",157,1.5,{"v":125.27,"d":"125.3"},{"v":994,"d":"994.0"},{"v":19667.3,"d":"19,667.3"}]
["Amendoim",55,2.2,{"v":33.13,"d":"33.1"},{"v":200,"d":"200.0"},{"v":1822.3,"d":"1,822.3"}]
["Soja",10,{"v":7,"d":"7.0"},{"v":69.41,"d":"69.4"},273.6,694.1]
["Eucalipto",5,0.7,{"v":31.14,"d":"31.1"},144.1,155.7]
["Gramas",17,0.1,{"v":7.18,"d":"7.2"},25.3,{"v":122,"d":"122.0"}]
["Outras florestais",3,5.7,{"v":20.27,"d":"20.3"},45.1,60.8]
["Braquiaria",3,0.2,15.4,{"v":44,"d":"44.0"},46.2]
["Capim-jaragua",1,41.9,41.9,41.9,41.9]
["Milho safra",1,{"v":12,"d":"12.0"},{"v":12,"d":"12.0"},{"v":12,"d":"12.0"},{"v":12,"d":"12.0"}]
["Crotalaria",1,{"v":10,"d":"10.0"},{"v":10,"d":"10.0"},{"v":10,"d":"10.0"},{"v":10,"d":"10.0"}]
["Outras gramineas para pastagem",3,0.5,{"v":1.43,"d":"1.4"},2.8,4.3]
["Alface",2,{"v":1,"d":"1.0"},1.7,2.4,3.4]
["Pomar domestico",2,0.4,0.8,1.2,1.6]
["Outras olericolas",3,0.3,0.5,0.8,1.5]
["Mandioca",1,{"v":1,"d":"1.0"},{"v":1,"d":"1.0"},{"v":1,"d":"1.0"},{"v":1,"d":"1.0"}]
["Batata-doce",1,{"v":1,"d":"1.0"},{"v":1,"d":"1.0"},{"v":1,"d":"1.0"},{"v":1,"d":"1.0"}]
["Chicoria (ou chicoria-de-folha-crespa)",2,0.1,{"v":0.45,"d":"0.5"},0.8,0.9]
["Outras culturas temporárias",1,0.5,0.5,0.5,0.5]
["Laranja Industria",2,0.1,0.2,0.3,0.4]
["Couve (ou couve-crespa)",1,0.1,0.1,0.1,0.1]
["Repolho",1,0.1,0.1,0.1,0.1]
["Brocolos (ou brocolis)",1,0.1,0.1,0.1,0.1]
["Jabuticaba",1,0.1,0.1,0.1,0.1]
["Beterraba",1,0.1,0.1,0.1,0.1]
["Cenoura",1,0.1,0.1,0.1,0.1]
["Berinjela",1,0.1,0.1,0.1,0.1]
["Banana",1,0.1,0.1,0.1,0.1]
["Tangerina",1,0.1,0.1,0.1,0.1]
["Fonte: Secretaria de Agricultura e Abastecimento, CDRS/IEA, Projeto LUPA."]